|
|
|
|
| LEADER |
01160nam a22003011 4500 |
| 001 |
36297 |
| 003 |
BD-DhAAL |
| 005 |
20211130154505.0 |
| 008 |
191104t1954 nyua 000 0 eng d |
| 999 |
|
|
|c 41733
|d 41733
|
| 010 |
|
|
|a 54006859
|
| 035 |
|
|
|a (OCoLC)186502
|
| 040 |
|
|
|a DLC
|c ODaWU
|d OCoLC
|d WU
|d DLC
|d BD-DhAAL
|
| 042 |
|
|
|a premarc
|
| 050 |
0 |
0 |
|a LB2805
|b .G7
|
| 082 |
|
|
|a 371.01
|
| 100 |
1 |
|
|a Grieder, Calvin,
|d 1907-
|9 36715
|
| 245 |
1 |
0 |
|a Public school administration /
|c Calvin Grieder and William Everett Rosenstengel.
|
| 260 |
|
|
|a New York,
|b Ronald Press Co.
|c 1954
|
| 300 |
|
|
|a xii, 622 pages :
|b illustrations ;
|c 24 cm.
|
| 490 |
0 |
|
|a Douglass series in education
|
| 526 |
|
|
|a BIED
|
| 541 |
|
|
|a Complimentary copy from BIED
|e 36297
|
| 650 |
|
0 |
|a School management and organization.
|9 36716
|
| 700 |
1 |
|
|a Rosenstengel, William Everett,
|d 1896-
|9 36717
|
| 852 |
|
|
|a Ayesha Abed Library
|c BIED Collection
|
| 942 |
|
|
|2 ddc
|c BK
|
| 952 |
|
|
|0 0
|1 0
|2 ddc
|4 0
|6 371_010000000000000_GRI
|7 0
|9 66992
|a BRACUL
|b BRACUL
|c GEN
|d 2019-11-04
|e Complimentary copy from BIED
|l 0
|o 371.01 GRI
|p 3010036297
|r 2019-11-04
|t 1
|w 2019-11-04
|y BK
|x Transferred from BIED to General Stacks
|